[Event "Keres Memorial rap 33rd"]
[Site "Tallinn"]
[Date "2024.01.07"]
[Round "8"]
[White "Shvyrjov, Igor"]
[Black "Haitin, Ilja"]
[Result "0-1"]
[WhiteElo "2308"]
[BlackElo "2284"]
[PlyCount "94"]
[EventDate "2024.01.06"]
[EventType "swiss (rapid)"]
[EventRounds "11"]
[EventCountry "EST"]
[SourceTitle "CB02_2024"]
[SourceDate "2024.01.10"]
[SourceVersion "1"]
[SourceVersionDate "2024.01.10"]
[SourceQuality "1"]

1. d4 e6 2. Nf3 f5 3. g3 Nf6 4. Bg2 d5 5. 0-0 c6 6. c4 Bd6 7. b3 Qe7 8. Qc2 0-0 9. c5 Bc7 10. Bf4 Bxf4 11. gxf4 b6 12. Nbd2 Ne4 13. b4 Ba6 14. Rfe1 Nd7 15. e3 bxc5 16. bxc5 Kh8 17. Rab1 Rg8 18. Bf1 Bxf1 19. Kxf1 g5 20. fxg5 Nxg5 21. Rb7 Nxf3 22. Nxf3 Qe8 23. Ke2 Rg7 24. Qb1 Qh5 25. Rg1 Rxg1 26. Qxg1 Rg8 27. Qxg8+ Kxg8 28. Rxd7 f4 29. Rxa7 fxe3 30. fxe3 Qf5 31. a4 Qc2+ 32. Nd2 e5 33. a5 e4 34. a6 Qd3+ 35. Kd1 Qxe3 36. Rb7 Qg1+ 37. Kc2 Qa1 38. a7 Qa2+ 39. Kd1 Qa1+ 40. Ke2 Qa6+ 41. Kd1 Qa1+ 42. Kc2 Qa2+ 43. Kc3 Qa1+ 44. Kc2 Qa2+ 45. Kc3 Qa1+ 46. Kc2 Qxd4 47. Kc1 Qa4 0-1

[Event "Keres Memorial rap 33rd"]
[Site "Tallinn"]
[Date "2024.01.06"]
[Round "5"]
[White "Sivuk, Vitaly"]
[Black "Shvyrjov, Igor"]
[Result "1/2-1/2"]
[WhiteElo "2502"]
[BlackElo "2308"]
[PlyCount "216"]
[EventDate "2024.01.06"]
[EventType "swiss (rapid)"]
[EventRounds "11"]
[EventCountry "EST"]
[SourceTitle "CB02_2024"]
[SourceDate "2024.01.10"]
[SourceVersion "1"]
[SourceVersionDate "2024.01.10"]
[SourceQuality "1"]

1. d4 d6 2. e4 g6 3. Nc3 Bg7 4. Be3 c6 5. f4 Nf6 6. Nf3 Qb6 7. a3 0-0 8. Bd3 Bg4 9. Kf2 Nh5 10. e5 f6 11. exd6 exd6 12. d5 Qa5 13. f5 g5 14. h3 Bxf3 15. Qxf3 Nf4 16. Bc4 Kh8 17. h4 Nxd5 18. Nxd5 g4 19. b4 Qd8 20. Qxg4 cxd5 21. Bxd5 Nd7 22. h5 Ne5 23. Qe4 h6 24. c4 Rc8 25. Be6 d5 26. Bxd5 Re8 27. Rad1 Nxc4 28. Be6 Qc7 29. Qxc4 Qxc4 30. Bxc4 Rxc4 31. Rc1 Rce4 32. Rh3 a5 33. bxa5 R4e5 34. Rf3 Rxa5 35. Rc7 Rxa3 36. Rxb7 Bf8 37. Bd4 Ra2+ 38. Kg1 Re1+ 39. Rf1 Rxf1+ 40. Kxf1 Ra6 41. Rf7 Bg7 42. Ke2 Kg8 43. Rd7 Ra5 44. g4 Ra3 45. Kf2 Rd3 46. Rd8+ Kf7 47. Bxf6 Rxd8 48. Bxd8 Be5 49. Kf3 Bd4 50. Ke4 Bc3 51. Bc7 Bg7 52. Bd6 Bf6 53. Bf4 Bg7 54. g5 hxg5 55. Bxg5 Bh8 56. Kf4 Bg7 57. Kg4 Bf8 58. h6 Kg8 59. Kh5 Kh7 60. Be3 Be7 61. Bg5 Bf8 62. f6 Bd6 63. f7 Bf8 64. Bf4 Be7 65. Be3 Bf8 66. Bg5 Bd6 67. Bf6 Bf8 68. Kg5 Bxh6+ 69. Kf5 Bf8 70. Ke6 Kg6 71. Be7 Bg7 72. Bc5 Bh6 73. Ke7 Bg7 74. Be3 Kf5 75. Ke8 Ke6 76. Bg5 Kd6 77. Be7+ Ke6 78. Bf8 Bf6 79. Bh6 Be7 80. Bg5 Bd6 81. Be3 Bb4 82. Bd4 Bd6 83. Bg7 Bc5 84. Bf8 Bd4 85. Bb4 Bg7 86. Bd2 Kd6 87. Bg5 Ke6 88. Bf4 Kf6 89. Bd2 Ke6 90. Be3 Kd6 91. Bf4+ Ke6 92. Bg5 Kd6 93. Bd8 Ke6 94. Be7 Bh6 95. Bc5 Bg7 96. Bd4 Bh6 97. Be3 Bg7 98. Bf4 Kf6 99. Bg3 Ke6 100. Bh4 Bh6 101. Bf2 Bg7 102. Bg1 Bh6 103. Bh2 Bg7 104. Bg3 Bh6 105. Bh4 Bg7 106. Bg5 Kd6 107. Bf6 Bh6 108. Kd8 Ke6 1/2-1/2

[Event "Keres Memorial rap 33rd"]
[Site "Tallinn"]
[Date "2024.01.06"]
[Round "7"]
[White "Volodin, Aleksandr"]
[Black "Shvyrjov, Igor"]
[Result "1-0"]
[WhiteElo "2459"]
[BlackElo "2308"]
[PlyCount "73"]
[EventDate "2024.01.06"]
[EventType "swiss (rapid)"]
[EventRounds "11"]
[EventCountry "EST"]
[SourceTitle "CB02_2024"]
[SourceDate "2024.01.10"]
[SourceVersion "1"]
[SourceVersionDate "2024.01.10"]
[SourceQuality "1"]

1. d4 d6 2. c4 g6 3. Nc3 Bg7 4. g3 Nf6 5. Bg2 0-0 6. e3 c6 7. h3 e5 8. Nge2 Re8 9. 0-0 Bf5 10. g4 Be6 11. d5 cxd5 12. cxd5 Bd7 13. Ng3 h6 14. b4 a5 15. b5 a4 16. Ba3 Qb6 17. Rb1 Rc8 18. Qd3 Be8 19. Nce4 Nxe4 20. Nxe4 Bf8 21. f4 exf4 22. Bb2 Nd7 23. Bd4 Qd8 24. exf4 Be7 25. f5 Ne5 26. Bxe5 dxe5 27. d6 Bh4 28. fxg6 fxg6 29. Qd5+ Kh7 30. d7 Qxd7 31. Qxd7+ Bxd7 32. Rf7+ Kg8 33. Rxd7 Rc2 34. Rxb7 Rxa2 35. g5 Bxg5 36. Nxg5 hxg5 37. Bd5+ 1-0

[Event "Parnu Keres Memorial op"]
[Site "Parnu"]
[Date "2023.07.27"]
[Round "6"]
[White "Shvyrjov, Igor"]
[Black "Lu, Miaoyi"]
[Result "0-1"]
[WhiteElo "2359"]
[BlackElo "2171"]
[PlyCount "62"]
[EventDate "2023.07.24"]
[EventType "swiss"]
[EventRounds "9"]
[EventCountry "EST"]
[SourceTitle "CBM 215 Extra"]
[Source "ChessBase"]
[SourceDate "2023.09.30"]
[SourceVersion "1"]
[SourceVersionDate "2023.09.30"]
[SourceQuality "1"]

1. Nf3 Nf6 2. g3 d5 3. Bg2 e6 4. 0-0 Be7 5. d3 Nc6 6. d4 0-0 7. b3 a5 8. a3 a4 9. Nc3 Ne4 10. Qd3 axb3 11. Nxe4 dxe4 12. Qxe4 Na5 13. Qd3 bxc2 14. Qxc2 Bd7 15. Bb2 Bb5 16. a4 Ba6 17. h4 Rc8 18. Rfd1 c5 19. d5 exd5 20. Rxd5 Qxd5 21. Ng5 Bd3 22. exd3 Qd8 23. Re1 Nc6 24. Qc4 Bxg5 25. hxg5 Qxg5 26. Qb5 Qd2 27. Re4 Nd4 28. Bxd4 cxd4 29. Rxd4 Rc1+ 30. Kh2 Qxf2 31. Rd7 Rc5 0-1

[Event "Viljandi Raud Memorial 57th"]
[Site "Viljandi"]
[Date "2023.07.06"]
[Round "6"]
[White "Shvyrjov, Igor"]
[Black "Blokhin, Sofia"]
[Result "1-0"]
[WhiteElo "2359"]
[BlackElo "2062"]
[PlyCount "55"]
[EventDate "2023.07.02"]
[EventType "swiss"]
[EventRounds "9"]
[EventCountry "EST"]
[SourceTitle "CBM 215 Extra"]
[Source "ChessBase"]
[SourceDate "2023.09.30"]
[SourceVersion "1"]
[SourceVersionDate "2023.09.30"]
[SourceQuality "1"]

1. Nf3 g6 2. g3 Bg7 3. Bg2 f5 4. d4 Nf6 5. 0-0 0-0 6. c3 d5 7. Bf4 c6 8. Nbd2 Ne4 9. Nxe4 fxe4 10. Ne5 Nd7 11. Nxd7 Bxd7 12. f3 exf3 13. exf3 Qb6 14. Qb3 Rfe8 15. Rfe1 Bf6 16. h4 Bf5 17. Re3 Rac8 18. Be5 h5 19. Rae1 Kf7 20. Qa3 Bxe5 21. Rxe5 Rc7 22. b4 a6 23. Qc1 Rh8 24. Qg5 Re8 25. Rxf5+ gxf5 26. Qxf5+ Kg7 27. Re6 Kh8 28. Rh6+ 1-0

[Event "Viljandi Raud Memorial 57th"]
[Site "Viljandi"]
[Date "2023.07.04"]
[Round "4"]
[White "Raag, Ardi"]
[Black "Shvyrjov, Igor"]
[Result "1/2-1/2"]
[WhiteElo "2077"]
[BlackElo "2359"]
[PlyCount "109"]
[EventDate "2023.07.02"]
[EventType "swiss"]
[EventRounds "9"]
[EventCountry "EST"]
[SourceTitle "CBM 215 Extra"]
[Source "ChessBase"]
[SourceDate "2023.09.30"]
[SourceVersion "1"]
[SourceVersionDate "2023.09.30"]
[SourceQuality "1"]

1. e4 c6 2. d4 g6 3. f4 Bg7 4. Nf3 d5 5. e5 Bg4 6. h3 Bxf3 7. Qxf3 e6 8. Bd3 h5 9. 0-0 h4 10. Be3 Nh6 11. b3 Nf5 12. Rd1 b5 13. c4 bxc4 14. bxc4 dxc4 15. Bxf5 gxf5 16. Rc1 Bf8 17. Rxc4 Be7 18. Nd2 a5 19. Rb1 a4 20. Rbc1 Ra6 21. Nb1 Qd5 22. Qxd5 exd5 23. R4c2 Rb6 24. Nc3 Rb4 25. Rb1 Rxb1+ 26. Nxb1 Kd7 27. Rb2 Na6 28. Nc3 a3 29. Rb7+ Ke6 30. Bc1 Ra8 31. Nb1 Nb8 32. Rb3 Nd7 33. Bxa3 Ra4 34. Rc3 Bxa3 35. Nxa3 Nb8 36. Nc2 Rxa2 37. Nb4 Ra1+ 38. Kf2 Kd7 39. g3 Ra4 40. Nc2 hxg3+ 41. Kxg3 Na6 42. Ra3 Rxa3+ 43. Nxa3 Nc7 44. Nc2 Ne6 45. Kf3 Ke7 46. Ke3 Kf8 47. Nb4 Nd8 48. Na6 Kg7 49. Nc7 Kg6 50. Ne8 Kh5 51. Nd6 Kg6 52. h4 f6 53. h5+ Kxh5 54. Nxf5 fxe5 55. fxe5 1/2-1/2

[Event "Tallinn Leito Memorial"]
[Site "Tallinn"]
[Date "2023.02.04"]
[Round "7"]
[White "Nyback, Tomi"]
[Black "Shvyrjov, Igor"]
[Result "1-0"]
[WhiteElo "2567"]
[BlackElo "2369"]
[PlyCount "100"]
[EventDate "2023.02.04"]
[EventType "swiss (rapid)"]
[EventRounds "9"]
[EventCountry "EST"]
[SourceTitle "CBM 212 Extra"]
[Source "ChessBase"]
[SourceDate "2023.03.31"]
[SourceVersion "1"]
[SourceVersionDate "2023.03.31"]
[SourceQuality "1"]

1. d4 d6 2. Nf3 Bg4 3. c4 Nf6 4. g3 c6 5. Bg2 g6 6. Nc3 Bg7 7. h3 Bxf3 8. Bxf3 0-0 9. 0-0 Nbd7 10. Rb1 a5 11. b3 Re8 12. e4 e5 13. d5 Nc5 14. Be3 cxd5 15. cxd5 Nfd7 16. a3 f5 17. b4 axb4 18. axb4 Nxe4 19. Nxe4 fxe4 20. Bxe4 Nf6 21. Bg2 Qd7 22. Qb3 Qb5 23. Rfc1 Rec8 24. Bf1 Qd7 25. b5 h5 26. h4 Kh7 27. Bg5 Ne4 28. Qe3 Rxc1 29. Rxc1 Nc5 30. Rd1 b6 31. Qe1 e4 32. Be3 Nd3 33. Bxd3 exd3 34. Qb4 Ra2 35. Rxd3 Ra1+ 36. Kg2 Qf5 37. Qc4 Ra4 38. Qxa4 Qxd3 39. Bxb6 Qxd5+ 40. Kg1 Qd3 41. Be3 d5 42. Qb4 d4 43. Bf4 Qc3 44. Qxc3 dxc3 45. Kf1 c2 46. Ke2 Bd4 47. Kd2 Bxf2 48. Kxc2 Bb6 49. Kd3 Kg8 50. Ke4 Kf7 1-0

[Event "Tallinn Leito Memorial"]
[Site "Tallinn"]
[Date "2023.02.04"]
[Round "6"]
[White "Timoshin, Andrei"]
[Black "Shvyrjov, Igor"]
[Result "0-1"]
[WhiteElo "2250"]
[BlackElo "2369"]
[PlyCount "70"]
[EventDate "2023.02.04"]
[EventType "swiss (rapid)"]
[EventRounds "9"]
[EventCountry "EST"]
[SourceTitle "CBM 212 Extra"]
[Source "ChessBase"]
[SourceDate "2023.03.31"]
[SourceVersion "1"]
[SourceVersionDate "2023.03.31"]
[SourceQuality "1"]

1. e4 g6 2. d4 Bg7 3. Nc3 d6 4. Nf3 Bg4 5. Be3 Nf6 6. h3 Bxf3 7. Qxf3 c6 8. 0-0-0 0-0 9. g4 Qa5 10. Kb1 e5 11. dxe5 dxe5 12. Ne2 Na6 13. Ng3 Rad8 14. Be2 Nc5 15. Bg5 Rxd1+ 16. Rxd1 Nfd7 17. h4 Qc7 18. Be7 Re8 19. Bd6 Qc8 20. Bc4 Ne6 21. h5 b5 22. hxg6 hxg6 23. Bb3 Bf8 24. Bxf8 Ndxf8 25. Rh1 Qd8 26. Qg2 Qf6 27. Qh2 Rd8 28. a3 a5 29. c3 a4 30. Bc2 Rd2 31. Rf1 Ng5 32. Qh4 Nxe4 33. Qh2 Rxf2 34. Rxf2 Qxf2 35. Qh3 Qxg3 0-1

[Event "Viljandi Valgmae Memorial"]
[Site "Viljandi"]
[Date "2021.07.03"]
[Round "5"]
[White "Laurusas, Tomas"]
[Black "Shvyrjov, Igor"]
[Result "1-0"]
[WhiteElo "2518"]
[BlackElo "2382"]
[PlyCount "62"]
[EventDate "2021.07.03"]
[EventType "swiss"]
[EventRounds "9"]
[EventCountry "EST"]
[SourceTitle "CBM 203 Extra"]
[Source "ChessBase"]
[SourceDate "2021.09.30"]
[SourceVersion "1"]
[SourceVersionDate "2021.09.30"]
[SourceQuality "1"]

1. d4 d6 2. Nf3 Bg4 3. Nbd2 Nf6 4. g3 g6 5. Bg2 c6 6. 0-0 Qc8 7. Re1 Bg7 8. b3 0-0 9. Bb2 c5 10. c4 cxd4 11. Nxd4 Nc6 12. Rc1 Nxd4 13. Bxd4 Bh3 14. Bh1 Qc7 15. Qc2 a5 16. Qb2 Rab8 17. c5 Ne8 18. Ne4 dxc5 19. Nxc5 Bxd4 20. Qxd4 Qd6 21. Qh4 Bc8 22. Ne4 Qa3 23. Rc2 Bf5 24. Ng5 Nf6 25. e4 Qb4 26. Rec1 Be6 27. Nxe6 fxe6 28. Qf4 a4 29. Rc4 Qb6 30. Qc7 Qa7 31. Rxa4 Qxf2+ 1-0

[Event "Viljandi Valgmae Memorial"]
[Site "Viljandi"]
[Date "2021.07.03"]
[Round "3"]
[White "Volodin, Aleksandr"]
[Black "Shvyrjov, Igor"]
[Result "0-1"]
[WhiteElo "2457"]
[BlackElo "2382"]
[PlyCount "140"]
[EventDate "2021.07.03"]
[EventType "swiss"]
[EventRounds "9"]
[EventCountry "EST"]
[SourceTitle "CBM 203 Extra"]
[Source "ChessBase"]
[SourceDate "2021.09.30"]
[SourceVersion "1"]
[SourceVersionDate "2021.09.30"]
[SourceQuality "1"]

1. d4 d6 2. g3 Nf6 3. Bg2 g6 4. c4 Bg7 5. Nc3 0-0 6. e3 c6 7. Nge2 Bg4 8. 0-0 Qc8 9. Re1 e5 10. Qb3 h5 11. Qa3 Rd8 12. d5 Bh3 13. Bh1 c5 14. e4 Na6 15. Qb3 Rb8 16. Nb5 Ra8 17. Bg5 Nc7 18. Nbc3 b6 19. f3 Re8 20. Qc2 Qd7 21. Nd1 Nh7 22. Be3 b5 23. b3 Rab8 24. Nf2 Qc8 25. Rac1 Na6 26. cxb5 Rxb5 27. Qd3 Bd7 28. Bg2 Nb4 29. Qd2 Qa6 30. a4 Rb7 31. Bf1 Qb6 32. Nc3 Reb8 33. Bc4 Qd8 34. Kg2 Bf6 35. h4 Bg7 36. Rf1 Qe7 37. Rce1 Rf8 38. Kh2 f5 39. f4 Kh8 40. Ne2 fxe4 41. Nxe4 exf4 42. Nxf4 Qxe4 43. Bxc5 Qf5 44. Bxb4 Be5 45. Bc3 Nf6 46. Bxe5 dxe5 47. Ng2 Qh3+ 48. Kg1 Ng4 49. Rxf8+ Kg7 50. Rf6 Qh2+ 51. Kf1 Qh1+ 52. Ke2 Qxg2+ 53. Kd1 Qxd2+ 54. Kxd2 Kxf6 55. Rf1+ Ke7 56. Re1 Kd6 57. Kc3 a5 58. Rf1 Bf5 59. Re1 Nf2 60. Rf1 Ne4+ 61. Kb2 Nxg3 62. Rg1 Ne4 63. Ka3 Nd2 64. Bb5 Nf3 65. Rc1 Rc7 66. Bc6 Nd4 67. b4 axb4+ 68. Kxb4 Nxc6+ 69. dxc6 Rxc6 70. Rd1+ Ke6 0-1

[Event "EU-ch blitz"]
[Site "Tallinn"]
[Date "2019.12.07"]
[Round "16"]
[White "Shubin, Kirill"]
[Black "Shvyrjov, Igor"]
[Result "1-0"]
[WhiteElo "2401"]
[BlackElo "2273"]
[PlyCount "104"]
[EventDate "2019.12.07"]
[EventType "swiss (blitz)"]
[EventRounds "22"]
[EventCountry "EST"]
[SourceTitle "CBM 193 Extra"]
[Source "ChessBase"]
[SourceDate "2020.01.31"]
[SourceVersion "1"]
[SourceVersionDate "2020.01.31"]
[SourceQuality "1"]

1. e4 g6 2. d4 Bg7 3. Nc3 d6 4. Nf3 c6 5. Be3 Bg4 6. Be2 Qb6 7. Rb1 Nd7 8. 0-0 Ngf6 9. e5 Nd5 10. exd6 Nxe3 11. fxe3 exd6 12. Ng5 Bxe2 13. Qxe2 0-0 14. Kh1 Rae8 15. Qg4 Nf6 16. Qh4 h6 17. Nh3 g5 18. Qg3 d5 19. Rf5 Ne4 20. Nxe4 Rxe4 21. Nxg5 Re7 22. Nh3 Rfe8 23. Rf3 Qa5 24. Nf4 Kh8 25. Nh5 Rg8 26. Qh3 Bf8 27. Rbf1 Qd2 28. Ng3 Rxe3 29. Rxf7 Re1 30. Qh4 Rxf1+ 31. Rxf1 Qxc2 32. b3 Bg7 33. Rg1 Qf2 34. Qh5 Qxd4 35. Rf1 Qe5 36. Rf5 Qa1+ 37. Rf1 Qe5 38. Rf5 Qa1+ 39. Rf1 Qxa2 40. Nf5 Bf8 41. Rg1 Qd2 42. h4 Qf4 43. g3 Qe4+ 44. Kh2 Kh7 45. Rg2 Rg6 46. Re2 Qd3 47. Kh3 Bd6 48. Rg2 Be5 49. Rg1 Qe4 50. Rg2 c5 51. Re2 Qh1+ 52. Rh2 Qf1+ 1-0

[Event "EU-ch blitz"]
[Site "Tallinn"]
[Date "2019.12.07"]
[Round "8"]
[White "Zelbel, Patrick"]
[Black "Shvyrjov, Igor"]
[Result "1-0"]
[WhiteElo "2425"]
[BlackElo "2273"]
[PlyCount "79"]
[EventDate "2019.12.07"]
[EventType "swiss (blitz)"]
[EventRounds "22"]
[EventCountry "EST"]
[SourceTitle "CBM 193 Extra"]
[Source "ChessBase"]
[SourceDate "2020.01.31"]
[SourceVersion "1"]
[SourceVersionDate "2020.01.31"]
[SourceQuality "1"]

1. e4 g6 2. d4 Bg7 3. Nc3 d6 4. Be3 c6 5. f3 Nd7 6. Qd2 b5 7. g4 Ngf6 8. h4 h5 9. g5 Nh7 10. f4 0-0 11. Nf3 Nb6 12. Bd3 Bg4 13. Nh2 Bh3 14. Nf1 Bg4 15. f5 Nc4 16. Bxc4 bxc4 17. Ng3 Rb8 18. Rb1 Re8 19. 0-0 Nf8 20. Kh2 Nd7 21. Qf2 Qa5 22. a3 Rxb2 23. Rxb2 Qxc3 24. Rb7 Rd8 25. fxg6 fxg6 26. Qf7+ Kh7 27. Qxe7 Qxe3 28. Qxd8 Qd2+ 29. Kh1 Qxd4 30. Rxd7 Bxd7 31. Qxd7 d5 32. Rf7 Qd1+ 33. Nf1 Kh8 34. Qc8+ Kh7 35. Qd7 Kh8 36. Qxa7 dxe4 37. Qe7 e3 38. Qe8+ Kh7 39. Qxe3 Qxc2 40. Qe5 1-0

[Event "EU-ch rapid"]
[Site "Tallinn"]
[Date "2019.12.06"]
[Round "10"]
[White "Ruck, Robert"]
[Black "Shvyrjov, Igor"]
[Result "1-0"]
[WhiteElo "2551"]
[BlackElo "2296"]
[PlyCount "79"]
[EventDate "2019.12.05"]
[EventType "swiss"]
[EventRounds "13"]
[EventCountry "EST"]
[SourceTitle "CBM 193 Extra"]
[Source "ChessBase"]
[SourceDate "2020.01.31"]
[SourceVersion "1"]
[SourceVersionDate "2020.01.31"]
[SourceQuality "1"]

1. Nf3 g6 2. e4 Bg7 3. d4 d6 4. Bc4 c6 5. Bb3 Nf6 6. Nbd2 0-0 7. 0-0 a5 8. a4 Bg4 9. Re1 e5 10. dxe5 dxe5 11. h3 Bxf3 12. Qxf3 Nbd7 13. c3 Nc5 14. Bc2 Qe7 15. Nc4 Qe6 16. Qe2 Nh5 17. Be3 Qe7 18. Nxa5 Rxa5 19. b4 Nxe4 20. Bxe4 Raa8 21. Bc5 Qg5 22. Bxf8 Rxf8 23. Qe3 Nf4 24. Qg3 Qd8 25. a5 f5 26. Bc2 Qd2 27. Bb3+ Kh8 28. Qe3 Qd8 29. a6 bxa6 30. Rxa6 Qg5 31. Qg3 Qd8 32. Rxc6 Nd3 33. Rd1 e4 34. Bc4 f4 35. Qg4 Qa8 36. Rc7 Qa4 37. Bxd3 exd3 38. Rxd3 f3 39. Qd7 Qa1+ 40. Rd1 1-0

[Event "Viljandi Raud Olympic 53rd"]
[Site "Viljandi"]
[Date "2019.07.07"]
[Round "4.1"]
[White "Shvyrjov, Igor"]
[Black "Haitin, Ilja"]
[Result "0-1"]
[WhiteElo "2382"]
[BlackElo "2315"]
[PlyCount "72"]
[EventDate "2019.07.06"]
[EventType "k.o. (rapid)"]
[EventRounds "5"]
[EventCountry "EST"]
[SourceTitle "CBM 191 Extra"]
[Source "ChessBase"]
[SourceDate "2019.09.30"]
[SourceVersion "1"]
[SourceVersionDate "2019.09.30"]
[SourceQuality "1"]

1. d4 Nf6 2. c4 c5 3. dxc5 Na6 4. Nf3 Nxc5 5. g3 g6 6. Bg2 Bg7 7. 0-0 0-0 8. Nc3 d6 9. Nd4 a5 10. b3 Bd7 11. h3 a4 12. b4 Ne6 13. Be3 Nxd4 14. Bxd4 Qc8 15. Bxf6 Bxf6 16. Nd5 Qxc4 17. Nxf6+ exf6 18. Qxd6 Be6 19. e3 Rad8 20. Qe7 Rd2 21. a3 b5 22. Qxf6 Rfd8 23. h4 h5 24. Rac1 Qa2 25. Ra1 Qb2 26. Qg5 Rc8 27. Be4 Kg7 28. Rfb1 Qf6 29. Qxf6+ Kxf6 30. Rc1 Rxc1+ 31. Rxc1 Ra2 32. Rc5 Rxa3 33. Rxb5 Ra1+ 34. Kg2 a3 35. Ra5 a2 36. Ra6 Rc1 0-1

[Event "Keres Memorial rap 28th"]
[Site "Tallinn"]
[Date "2019.01.12"]
[Round "7"]
[White "Kukk, Sander"]
[Black "Shvyrjov, Igor"]
[Result "1-0"]
[WhiteElo "2244"]
[BlackElo "2381"]
[PlyCount "105"]
[EventDate "2019.01.12"]
[EventType "swiss (rapid)"]
[EventRounds "11"]
[EventCountry "EST"]
[SourceTitle "CBM 188 Extra"]
[Source "ChessBase"]
[SourceDate "2019.02.26"]
[SourceVersion "1"]
[SourceVersionDate "2019.02.26"]
[SourceQuality "1"]

1. b3 d6 2. e3 Nf6 3. Bb2 Nbd7 4. c4 g6 5. Nc3 Bg7 6. d4 0-0 7. Nf3 c6 8. Be2 Re8 9. 0-0 h6 10. Qc2 Nf8 11. Rad1 Bf5 12. e4 Nxe4 13. Nxe4 d5 14. Bd3 dxe4 15. Bxe4 Bxe4 16. Qxe4 Qa5 17. a3 Rad8 18. Rd2 Ne6 19. b4 Qf5 20. Qxf5 gxf5 21. Rfd1 Nc7 22. g3 b5 23. Ne5 Bxe5 24. dxe5 Ne6 25. cxb5 cxb5 26. Bd4 a6 27. Bb6 Rc8 28. Be3 h5 29. Rd7 h4 30. Kg2 Rc3 31. Ra1 Rc6 32. Ra7 hxg3 33. hxg3 Nc7 34. Rd1 Ne6 35. Rdd7 Kg7 36. Rdb7 Kg6 37. Rb6 Rxb6 38. Bxb6 Rc8 39. Rxa6 f4 40. Bc5 Kf5 41. Bxe7 Rc3 42. Bc5 f3+ 43. Kh2 Kxe5 44. Be3 f5 45. Ra5 Nc7 46. a4 Ke4 47. axb5 Nd5 48. Bc5 f4 49. b6 Rc1 50. b7 fxg3+ 51. Kxg3 Rg1+ 52. Kh4 Rg8 53. Ra8 1-0

[Event "EST-ch U20"]
[Site "Tallinn"]
[Date "2018.04.30"]
[Round "8"]
[White "Pedoson, Georg Aleksander"]
[Black "Shvyrjov, Igor"]
[Result "1-0"]
[WhiteElo "2163"]
[BlackElo "2393"]
[PlyCount "121"]
[EventDate "2018.04.25"]
[EventType "swiss"]
[EventRounds "9"]
[EventCountry "EST"]
[SourceTitle "CBM 184 Extra"]
[Source "ChessBase"]
[SourceDate "2018.06.28"]
[SourceVersion "1"]
[SourceVersionDate "2018.06.28"]
[SourceQuality "1"]

1. d4 Nf6 2. Nc3 d5 3. Bf4 c6 4. e3 g6 5. Nf3 Bg4 6. Be2 Nbd7 7. 0-0 Bg7 8. h3 Bxf3 9. Bxf3 0-0 10. g4 Qb6 11. Rb1 Ne8 12. Ne2 e5 13. Bg3 Nd6 14. c3 Rae8 15. Bg2 f5 16. gxf5 Nxf5 17. Qb3 Qa6 18. Rbe1 Nxg3 19. Nxg3 Kh8 20. Rc1 Nb6 21. Qc2 exd4 22. cxd4 Qxa2 23. Ra1 Qc4 24. Qxc4 Nxc4 25. Rxa7 Rf7 26. Rc1 h5 27. b3 Nd6 28. Rca1 Ref8 29. R1a2 Nb5 30. Ra8 Rxf2 31. Rxf2 Rxa8 32. Rf7 Ra1+ 33. Kf2 Ra2+ 34. Kf3 Rb2 35. Rxb7 Rxb3 36. Kf2 Bh6 37. Re7 Bg5 38. Re6 Kg7 39. Ne2 Nc7 40. Rxc6 Bxe3+ 41. Kg3 Bxd4+ 42. Kf4 Bb6 43. Kg5 Be3+ 44. Kh4 Kh6 45. Kg3 Ba7+ 46. Kh2 Bb8 47. Kg1 Rb4 48. Bf3 Kg5 49. Kg2 Rb2 50. Kf1 Kf5 51. Rd6 Rb4 52. Kg2 Rb2 53. Kf1 h4 54. Rc6 Rb4 55. Bg4+ Kg5 56. Ng1 Kf4 57. Rxg6 d4 58. Ke2 Nd5 59. Kd3 Ba7 60. Ne2+ Ke5 61. Re6# 1-0

[Event "EST-ch U20"]
[Site "Tallinn"]
[Date "2018.04.27"]
[Round "4"]
[White "Shvyrjov, Igor"]
[Black "Volodin, Aleksandr"]
[Result "0-1"]
[WhiteElo "2393"]
[BlackElo "2462"]
[PlyCount "86"]
[EventDate "2018.04.25"]
[EventType "swiss"]
[EventRounds "9"]
[EventCountry "EST"]
[SourceTitle "CBM 184 Extra"]
[Source "ChessBase"]
[SourceDate "2018.06.28"]
[SourceVersion "1"]
[SourceVersionDate "2018.06.28"]
[SourceQuality "1"]

1. Nf3 c5 2. g3 d5 3. Bg2 Nf6 4. d4 cxd4 5. 0-0 h6 6. Nxd4 e5 7. Nb3 Nc6 8. c4 Be6 9. cxd5 Nxd5 10. Bd2 Be7 11. Nc3 0-0 12. Nxd5 Bxd5 13. Be3 Bxg2 14. Kxg2 Nb4 15. a3 Nd5 16. Bc5 Bxc5 17. Nxc5 b6 18. Nd3 e4 19. Ne5 Qd6 20. Nc4 Qe6 21. Rc1 Rac8 22. Qd4 Rfd8 23. Qe5 Qg6 24. Rfd1 Rxc4 25. Rxc4 Ne3+ 26. fxe3 Rxd1 27. Rxe4 Kh7 28. Kf2 f6 29. Qf4 Rd2 30. Re7 Rxb2 31. Rxa7 Rb5 32. e4 Qh5 33. h4 Qc5+ 34. Kg2 Qc4 35. Qg4 Qg8 36. Qf4 Qe6 37. Kf3 Qh3 38. Qc7 Rb3+ 39. e3 Qf1+ 40. Kg4 h5+ 41. Kxh5 Qf3+ 42. g4 Rb5+ 43. e5 Rxe5+ 0-1

[Event "EST-ch U20"]
[Site "Tallinn"]
[Date "2018.04.26"]
[Round "2"]
[White "Shvyrjov, Igor"]
[Black "Timoshin, Andrei"]
[Result "1-0"]
[WhiteElo "2393"]
[BlackElo "1852"]
[PlyCount "137"]
[EventDate "2018.04.25"]
[EventType "swiss"]
[EventRounds "9"]
[EventCountry "EST"]
[SourceTitle "CBM 184 Extra"]
[Source "ChessBase"]
[SourceDate "2018.06.28"]
[SourceVersion "1"]
[SourceVersionDate "2018.06.28"]
[SourceQuality "1"]

1. d4 d5 2. c4 c6 3. Nf3 Nf6 4. Nc3 a6 5. c5 Bf5 6. Qb3 Ra7 7. Bf4 Nbd7 8. e3 e6 9. Be2 h6 10. 0-0 Be7 11. Ne5 0-0 12. Na4 Nxe5 13. Bxe5 Nd7 14. Bg3 Re8 15. Bd3 Bxd3 16. Qxd3 Bf6 17. f4 Bh4 18. Bxh4 Qxh4 19. b4 Qe7 20. Nc3 b5 21. a4 Nf6 22. Ra2 Rea8 23. Rfa1 Qb7 24. h3 Ne8 25. f5 exf5 26. Qxf5 Nf6 27. Kh2 Re8 28. axb5 cxb5 29. e4 Nxe4 30. Nxd5 Ng5 31. Nb6 Qc7+ 32. Kh1 g6 33. Qd3 Ne6 34. Rf1 Rd8 35. d5 Nxc5 36. Qe3 Nd7 37. Nxd7 Qxd7 38. Raf2 f5 39. Qxh6 Qg7 40. Qe3 Rad7 41. Qe6+ Qf7 42. Qxa6 Rxd5 43. Re2 Rd1 44. Rfe1 Rxe1+ 45. Rxe1 Rd5 46. Qc6 Kh7 47. Re6 Qd7 48. Rxg6 Qxc6 49. Rxc6 Rd4 50. Rc5 Rxb4 51. Rxf5 Kg6 52. Rc5 Rb2 53. Kh2 b4 54. Rb5 Rb3 55. h4 Rb1 56. g4 b3 57. Rb6+ Kg7 58. h5 Rb2+ 59. Kh3 Rb1 60. Kh4 b2 61. Kg5 Kh7 62. Rb7+ Kg8 63. Kg6 Kf8 64. g5 Ra1 65. Rb8+ Ke7 66. Rxb2 Ra6+ 67. Kg7 Ra5 68. Re2+ Kd8 69. Kh6 1-0

[Event "Orsha blitz op"]
[Site "Orsha"]
[Date "2018.02.03"]
[Round "8"]
[White "Stupak, Kirill"]
[Black "Shvyrjov, Igor"]
[Result "1-0"]
[WhiteElo "2541"]
[BlackElo "2204"]
[PlyCount "59"]
[EventDate "2018.02.03"]
[EventType "swiss (blitz)"]
[EventRounds "9"]
[EventCountry "BLR"]
[SourceTitle "CBM 182 Extra"]
[Source "ChessBase"]
[SourceDate "2018.02.23"]
[SourceVersion "1"]
[SourceVersionDate "2018.02.23"]
[SourceQuality "1"]

1. d4 d6 2. e4 Nf6 3. Nc3 g6 4. g3 Bg7 5. Bg2 0-0 6. Nge2 c6 7. a4 Qc7 8. h3 e5 9. Be3 a5 10. Qd2 Na6 11. 0-0 Re8 12. f4 exd4 13. Bxd4 Be6 14. f5 gxf5 15. exf5 Bc4 16. g4 Bxe2 17. Nxe2 Ne4 18. Bxe4 Rxe4 19. f6 Bf8 20. Ng3 Rxd4 21. Qxd4 d5 22. Kg2 Re8 23. Rae1 Rxe1 24. Rxe1 Nc5 25. Re8 Ne6 26. Qe3 Qd7 27. Ra8 d4 28. Qh6 Qd5+ 29. Kg1 Qf3 30. Rxf8+ 1-0